Nedělat kontraproduktivní kroky
Príčiny deficitu obchodnej bilancie ČR. Oživenie ekonomiky a prudký rast investícií do fixného kapitálu. Súvislosť s kumulovaným prílevom investičného kapitálu. Úloha inflácie vo vzťahu k pasívu obchodnej bilancie. Trvanie schodku obchodnej bilancie a jeho financovateľnosť.
Enregistré dans:
| Auteur principal: | |
|---|---|
| Format: | Chapitre de livre |
| Langue: | tchèque |
| Sujets: | |
| Tags: |
Pas de tags, Soyez le premier à ajouter un tag!
|
MARC
| LEADER | 00000naa a2200000 4500 | ||
|---|---|---|---|
| 001 | r019121 | ||
| 005 | 20221205102354.7 | ||
| 041 | 0 | |a cze | |
| 044 | |a CZ | ||
| 245 | 1 | 0 | |a Nedělat kontraproduktivní kroky |c Stanislava Janáčková |
| 520 | |a Príčiny deficitu obchodnej bilancie ČR. Oživenie ekonomiky a prudký rast investícií do fixného kapitálu. Súvislosť s kumulovaným prílevom investičného kapitálu. Úloha inflácie vo vzťahu k pasívu obchodnej bilancie. Trvanie schodku obchodnej bilancie a jeho financovateľnosť. | ||
| 610 | 2 | 0 | |a bilancia obchodná |
| 610 | 2 | 0 | |a deficit |
| 610 | 2 | 0 | |a obchod zahraničný |
| 610 | 2 | 0 | |a Česko |
| 610 | 2 | 0 | |a 1995 |
| 610 | 2 | 0 | |a produkt domáci hrubý |
| 610 | 2 | 0 | |a vývoz |
| 610 | 2 | 0 | |a dovoz |
| 610 | 2 | 0 | |a kapitál zahraničný |
| 610 | 2 | 0 | |a miera inflácie |
| 100 | 1 | |a Janáčková, Stanislava | |